Musical: le note raccontano (Record n. 83701)

Dettagli MARC
000 -LEADER
fixed length control field 01323nam a2200289Ia 4500
001 - CONTROL NUMBER
control field C7488
003 - CONTROL NUMBER IDENTIFIER
control field IT-RoPAU
008 - FIXED-LENGTH DATA ELEMENTS--GENERAL INFORMATION
fixed length control field 130308s9999 xx 000 0 und d
040 ## - CATALOGING SOURCE
Original cataloging agency IT-RoPAU
040 ## - CATALOGING SOURCE
Transcribing agency IT-RoPAU
041 ## - LANGUAGE CODE
Language code of text/sound track or separate title ITALIANO
100 ## - MAIN ENTRY--PERSONAL NAME
Personal name Laura Ernesto G.
100 ## - MAIN ENTRY--PERSONAL NAME
Miscellaneous information Codice Aut. SPICS: 4828
245 ## - TITLE STATEMENT
Title Musical: le note raccontano
245 ## - TITLE STATEMENT
Remainder of title Capolavori raccontano un Secolo di Cinema (I)
250 ## - EDITION STATEMENT
Edition statement 1a ed.
260 ## - PUBLICATION, DISTRIBUTION, ETC. (IMPRINT)
Place of publication, distribution, etc. ALBA
260 ## - PUBLICATION, DISTRIBUTION, ETC. (IMPRINT)
Name of publisher, distributor, etc. Periodici San Paolo
260 ## - PUBLICATION, DISTRIBUTION, ETC. (IMPRINT)
Date of publication, distribution, etc. 1994 [1° Ed.:1994 - Ed.Ling.Originale:1994]
300 ## - PHYSICAL DESCRIPTION
Extent "16 p. (prefazione: no ; testo: 16 [pagine: 53-68])"
500 ## - GENERAL NOTE
General note America canta e Balla. Film rivista conquista Il Pubblico per le Coreografie e gli Effetti Speciali. Schede e Note Critiche dei Film: Cantando sotto la pioggia (1952) di Gene Kelly e Stanley Donen, sette Spose per sette Fratelli (1954) di Stanley Donen, West Side Story (1961) di Robert Wise e Jerome Robbins, Cabaret (1972) di Bob Fosse, The Blues Brothers (1980) di John Landis, Chorus line (1985) di Richard Attenborough. Due generazioni per Il Rock: Elvis Presley e John Travolta. Note biografiche di Fred Astaire, Barbra Streisand. Note Sul Film Opera.
650 ## - SUBJECT ADDED ENTRY--TOPICAL TERM
Topical term or geographic name as entry element GENERI CINEMATOGRAFICI
650 ## - SUBJECT ADDED ENTRY--TOPICAL TERM
Relator term Codice materia Spics: 6810
942 ## - ADDED ENTRY ELEMENTS (KOHA)
Koha item type LIBRO
957 ## -
-- 1
999 ## - SYSTEM CONTROL NUMBERS (KOHA)
-- 1
Dati di copia
Withdrawn status Lost status Damaged status Not for loan Home library Current library Date acquired Total Checkouts Full call number Date last seen Price effective from Koha item type Public note
    Buone Condizioni Not For Loan SPICS-MEDIATECA SPICS-MEDIATECA 08/03/2013   C7488 08/03/2013 08/03/2013 LIBRO Progressivo inserimento: 39187 / N. Volumi: 0 [=Contributo] Copie: 1 / data import: 1 marzo 2013 - By Epidotti, Trombetti, Vaglietti.
CREDITS: SOCIETA' SAN PAOLO Via A.Severo, 58 - ROMA (RM) & PERIODICI SAN PAOLO SRL Via Giotto, 36 MILANO & CISF Via Giotto, 36 MILANO & EDIZIONI SAN PAOLO SRL,  Piazza Soncino, 5 CINISELLO BALSAMO (MI) -- ITALY